000 00636nam a2200193 a 4500
008 060316s1971 ||||||||||||||||| || u
020 _a0408701544
050 _aTP 1120 Duc
100 _aDuck, Edward William
245 1 0 _aPlastics and rubbers
260 _aLondon
_bButterworths
_c1971
300 _a[8], 110 p. illus.
350 _a0.00
490 _aChemistry in modern industry series
500 _aBibliography
650 _aPLASTICS
650 _aRUBBER, ARTIFICIAL
995 _D0.00
_FCBU-MAIN LIBRARY (Kitwe)
_H1
_I1.50
_UAVAILABLE
_ZMain Library Open Access Collection
999 _c53787
_d53787